<?xml version="1.0" encoding="UTF-8"?>
<marc:record xmlns:marc="http://www.loc.gov/MARC21/slim">
   <marc:leader>00000nam a2200000 a 4500</marc:leader>
   <marc:datafield ind1="0" ind2="0" tag="245">
      <marc:subfield code="a">Contra</marc:subfield>
   </marc:datafield>
   <marc:datafield ind1=" " ind2="1" tag="264">
      <marc:subfield code="a">München</marc:subfield>
      <marc:subfield code="b">Constantin Film</marc:subfield>
      <marc:subfield code="c">2022</marc:subfield>
   </marc:datafield>
   <marc:datafield ind1="1" ind2=" " tag="520">
      <marc:subfield code="a">Der neue Film von Sönke Wortmann: Das war eine fremdenfeindliche Bemerkung zu viel: Professor Richard Pohl (Christoph Maria Herbst) droht von seiner Universität zu fliegen, nachdem er die Jura-Studentin Naima Hamid (Nilam Farooq) in einem vollbesetzten Hörsaal beleidigt hat. Als das Video viral geht, gibt Universitätspräsident Alexander Lambrecht (Ernst Stötzner) seinem alten Weggefährten eine letzte Chance: Wenn es dem rhetorisch begnadeten Professor gelingt, die Erstsemestlerin Naima für einen bundesweiten Debattier-Wettbewerb fitzumachen, wären seine Chancen vor dem Disziplinarausschuss damit wesentlich besser.Pohl und Naima sind gleichermaßen entsetzt, doch mit der Zeit sammelt die ungleiche Zweckgemeinschaft erste Erfolge - bis Naima erkennt, dass das Multi-Kulti-Märchen offenbar nur einem Zweck dient: den Ruf der Universität zu retten.</marc:subfield>
   </marc:datafield>
   <marc:datafield ind1="3" ind2=" " tag="024">
      <marc:subfield code="a">4011976905882</marc:subfield>
   </marc:datafield>
   <marc:datafield ind1=" " ind2=" " tag="041">
      <marc:subfield code="a">ger</marc:subfield>
   </marc:datafield>
   <marc:datafield ind1=" " ind2=" " tag="300">
      <marc:subfield code="a">1 DVD : ca. 99 Min.</marc:subfield>
   </marc:datafield>
</marc:record>
